| 000 | 01317cam a22002413a 4500 | ||
|---|---|---|---|
| 001 | 31918 | ||
| 003 | PGUSA | ||
| 005 | 20140828083706.0 | ||
| 008 | 100408s2010||||xxu|||||s|||||000 | eng d | ||
| 040 |
_aPGUSA _beng |
||
| 042 | _adc | ||
| 050 | 4 | _aD501 | |
| 100 | 1 |
_aLoti, Pierre, _d1850-1923 |
|
| 245 | 1 | 0 |
_aQuelques aspects du vertige mondial _h[electronic resource] / _cPierre Loti |
| 260 |
_bProject Gutenberg, _c2010 |
||
| 505 | 0 | _aVertige -- Fragments d'un journal intime -- Lormont (Georges) -- Nos matelots -- Mademoiselle Anna, très humble poupée -- Alsace! -- Une furtive silhouette de S. M. la reine Alexandra d'Angleterre -- Femmes françaises pendant la grande guerre -- Un "secteur tranquille" -- Un petit monde que n'ont pas atteint nos vertiges -- L'adieu de Paris au général Gallieni -- Une demi-douzaine de petites constatations -- Le prince assassiné par Eux (Youzouf-Yzeddin) -- La femme turque -- Simple gentillesse entre voisins -- Les patiences souterraines -- New-York entrevu par un oriental très vieux jeu -- Nos amis d'Amérique -- Il pleut sur l'enfer de la Somme. | |
| 506 | _aPublic domain in the USA. | ||
| 516 | _aElectronic text | ||
| 653 | _aWorld War, 1914-1918 | ||
| 830 | 0 |
_aProject Gutenberg _v31918 |
|
| 856 | 4 | 0 | _uhttp://www.gutenberg.org/ebooks/31918 |
| 942 | _cEB | ||
| 999 |
_c261173 _d261173 |
||